| 000 | 00679nam a2200241 a 4500 | ||
|---|---|---|---|
| 008 | |||
| 020 | _a9780340972915 (pbk.) | ||
| 049 | _aMAIN | ||
| 090 |
_aJC571 _bHAL |
||
| 100 | 1 | _aHalstead, Peter. | |
| 245 | 1 | 0 |
_aUnlocking human rights / _cPeter Halstead. |
| 260 |
_aLondon : _bHodder Education, _c2008. |
||
| 300 |
_axlv, 421 p. : _bill. ; _c25cm. |
||
| 490 | _aUnlocking the law. | ||
| 500 | _aIncludes bibliographical references. | ||
| 500 | _aIncludes index. | ||
| 650 | 1 | _aHuman rights. | |
| 907 |
_a.b10318835 _b17-07-13 _c25-09-12 |
||
| 003 | |||
| 005 | 20230123125450.0 | ||
| 040 | _cNUST | ||
| 942 |
_cBOOKS _kJC571 _mHAL |
||
| 999 |
_c141989 _d141989 |
||